Chargement en cours…

AIDS and the Distribution of Crises /

"AIDS AND THE DISTRIBUTION OF CRISES is an edited collection bringing together queer theory, media studies, Black studies, and more to show what AIDS scholarship looks like when AIDS has become a crisis made ordinary. While notions of crisis readily mapped onto privileged bodies, populations of...

Description complète

Détails bibliographiques
Autres auteurs: Shahani, Nishant, 1976- (Éditeur intellectuel), Juhasz, Alexandra (Éditeur intellectuel), Cheng, Jih-Fei, 1976- (Éditeur intellectuel)
Format: Électronique eBook
Langue:Inglés
Publié: Durham : Duke University Press, 2020.
Collection:Book collections on Project MUSE.
Sujets:
Accès en ligne:Texto completo

MARC

LEADER 00000cam a22000004a 4500
001 musev2_73700
003 MdBmJHUP
005 20230905051615.0
006 m o d
007 cr||||||||nn|n
008 191114s2020 ncu o 00 0 eng d
010 |z  2019040583 
020 |a 9781478009269 
020 |z 9781478008255 
020 |z 9781478007777 
035 |a (OCoLC)1140655260 
040 |a MdBmJHUP  |c MdBmJHUP 
245 0 0 |a AIDS and the Distribution of Crises /   |c edited by Jih-Fei Cheng, Alexandra Juhasz, Nishant Shahani. 
264 1 |a Durham :  |b Duke University Press,  |c 2020. 
264 3 |a Baltimore, Md. :  |b Project MUSE,   |c 2020 
264 4 |c ©2020. 
300 |a 1 online resource (368 pages). 
336 |a text  |b txt  |2 rdacontent 
337 |a computer  |b c  |2 rdamedia 
338 |a online resource  |b cr  |2 rdacarrier 
505 0 |a Dispatches on the Globalizations of AIDS : A Dialogue between Theodore Kerr, Catherine Yuk-ping Lo, Ian Bradley-Perrin, Sarah Schulman, and Eric A. Stanley, with an Introduction by Nishant Shahani -- The Costs of Living : Reflections on Global Health Crises / Bishnupriya Ghosh -- AIDS, Women of Color Feminisms, Queer and Trans of Color Critiques, and the Crises of Knowledge Production / Jih-Fei Cheng -- Safe, Soulful Sex : HIV/AIDS Talk / Julia Jordan-Zachery -- AIDS Histories Otherwise : The Case of Haitians in Montreal / Viviane Namaste -- "A Voice Demonic and Proud" : Shifting the Geographies of Blame in Assotto Saint's "Sacred Life: Art and AIDS" / Darius Bost -- Crisis Infrastructures : AIDS Activism Meets Internet Regulation / Cait McKinney -- Dispatches from the Pasts/Memories of AIDS : A Dialogue between Cecilia Aldarondo, Pablo Alvarez, Roger Hallas, Jim Hubbard, and Dredge Byung'chu Kang, with an Introduction by Jih-Fei Cheng -- Black Gay Men's Sexual Health and the Means of Pleasure in the Age of AIDS / Marlon M. Bailey -- HIV, Indigeneity, and Settler Colonialism : Understanding PTIS, Crisis Resolution, and the Art of Ceremony / Andrew J. Jolivette -- Activism and Identity in the Ruins of Representation / Juana María Rodríguez -- Dispatches on the Futures of AIDS : A Dialogue between Jessica Whitbread, Margaret Rhee, Pato Hebert, Emily Bass, and Elton Naswood, with Images by Quito Zeigler and an Introduction by Alexandra Juhasz -- Afterword: On Crisis and Abolition / C. Riley Snorton. 
520 |a "AIDS AND THE DISTRIBUTION OF CRISES is an edited collection bringing together queer theory, media studies, Black studies, and more to show what AIDS scholarship looks like when AIDS has become a crisis made ordinary. While notions of crisis readily mapped onto privileged bodies, populations of color-still disproportionately affected by AIDS-are rendered outside of a state of emergency, their deaths normalized. With "the AIDS crisis" re-emerging in historical memory as a coherent past moment, contributors to this volume insist on considering HIV/AIDS as an ongoing scattering of many local and specific crises, structured by enduring colonial, racialized, and gendered violence. They ask what activists and scholars can take from earlier theorizations and modes of action around HIV/AIDS and set an agenda for the next decades of scholarship, tracking what new forms have emerged and are emerging, requiring different kinds of organizing and critique. The contributions to the collection take multiple forms. The book features three "Dispatch" sections in which artists, activists, and scholars respond to prompts from the editors, highlighting a multiplicity of approaches to questions of globalization, periodization, and temporality. In addition to the dispatches, there are nine essays, as well as a foreword by Cindy Patton charting the book's place in the history of critical work on HIV/AIDS, and an afterword by C. Riley Snorton placing it in conversation with the landmark cultural studies text Policing the Crisis and contemporary abolitionist politics. Many of the essays highlight the inextricable relationship between HIV/AIDS as a globalized health phenomenon and the local instantiations of disease. For example, Viviane Namaste refuses the early locating of AIDS in North American white gay male communities, providing an alternative history from the Haitian community in Montreal. Marlon Bailey's contribution contrasts an ethnographic account of the communal ethic of self-care among Black men at sex parties with their pathologized "unsafe" sexual practices. And Andrew J. Jolivette invokes the concept of post-traumatic invasion syndrome (and the importance of communal healing) to connect "at risk" behaviors among queer and Two Spirit populations and his own narrative of living with HIV. This book will be of interest to scholars of HIV/AIDS as well as to readers in gender and sexuality studies, LGBTQ history, media studies, the health humanities, cultural studies, and critical ethnic studies"--  |c Provided by publisher 
588 |a Description based on print version record. 
650 7 |a Health and race.  |2 fast  |0 (OCoLC)fst00952806 
650 7 |a AIDS (Disease)  |x Social aspects.  |2 fast  |0 (OCoLC)fst00793952 
650 7 |a AIDS (Disease)  |x Political aspects.  |2 fast  |0 (OCoLC)fst00793907 
650 7 |a AIDS activists.  |2 fast  |0 (OCoLC)fst00794022 
650 6 |a Sante et race. 
650 6 |a Services de sante  |x Accessibilite  |x Aspect politique. 
650 6 |a Sida  |x Historiographie. 
650 6 |a Sida  |x Aspect politique. 
650 6 |a Sida  |x Aspect social. 
650 0 |a Health and race. 
650 0 |a AIDS activists. 
650 0 |a Neoliberalism  |x Health aspects. 
650 0 |a Health services accessibility  |x Political aspects. 
650 0 |a AIDS (Disease)  |x Historiography. 
650 0 |a AIDS (Disease)  |x Political aspects. 
650 0 |a AIDS (Disease)  |x Social aspects. 
655 7 |a Electronic books.   |2 local 
700 1 |a Shahani, Nishant,  |d 1976-  |e editor. 
700 1 |a Juhasz, Alexandra,  |e editor. 
700 1 |a Cheng, Jih-Fei,  |d 1976-  |e editor. 
710 2 |a Project Muse.  |e distributor 
830 0 |a Book collections on Project MUSE. 
856 4 0 |z Texto completo  |u https://projectmuse.uam.elogim.com/book/73700/ 
945 |a Project MUSE - Custom Collection